000 01490nab a2200265 i 4500
003 DO-SdBNP
005 20250603110659.0
007 ta
008 250603e1992 dr en|p|r||||||0| | spa d
040 _aDO-SdBNP
_bspa
_cBNPHU
_erda
041 _hspa
100 1 _aFernández Spencer, Antonio,
_d1922-1995
_922525
_eautor
245 _aPedro Henríquez Ureña :
_by la nueva crítica latinoamericana /
_cAntonio Fernández Spencer.
264 _aSanto Domingo, República Dominicana :
_bDirección General de Bellas Artes,
_c1992.
300 _apáginas 20 y 22 :
_bilustraciones, retratos ;
_c28 cm.
310 _aBimestral.
336 _atexto
_btxt
_2rdacontent
337 _asin mediación
_bn
_2rdamedia
338 _avolumen
_bnc
_2rdacarrier
362 _aAño 2. No. 6 (septiembre-octubre, 1992).
521 _aParece que Pedro Henríquez Ureña no estuvo signado por el devenir de la cultura en la América hispánica para sólo ser un importante crítico literario, sino con la finalidad de impulsar una corriente crítica de talante hispanoamericano. Surge su vocación de escritor en el espacio en que el movimiento modernista necesita una crítica de mayor visión en Hispanoamérica. La crítica española sobre el modernismo venía siendo vacilante y torpe.
600 1 0 _aHenríquez Ureña, Pedro,
_d1884-1946
_91718
_vPublicaciones periódicas
_zRepública Dominicana
650 0 _aCrítica
_923107
_vPublicaciones periódicas
_zRepública Dominicana
942 _2ddc
_cISSUE
999 _c59128
_d59128